Quizzes
Events
Quiz Creation
Community
Videos
Private Events
Remove Ads
Sign In
Join for FREE
Feedback
Dark Mode
Quiz Categories
Sports
Geography
Music
Movies
Television
Just For Fun
Miscellaneous
History
Literature
Language
Science
Gaming
Entertainment
Religion
Holiday
For Kids
Quiz Lab
Recent
Popular Today
Quiz Kudos Today
Editor Picks
Curator Picks
Quizzes by...
Day
Popularity
Type
Ratings
Length
Year
Community
Subscriptions
Recent Discussions
Orange Saloon
Badges
Playlists
Quests
Create
Leaderboards
Showdown
Live 5
Trivia Bingo
Activity
Puzzle Library
Sporcle Events
Private Events
Virtual Trivia
Globe League
Become a Host
Pub Owners
SporcleCon
Opinionation
Our Games
Videos
Blog
Mobile Apps
Partnerships
Remove Ads and Go Orange
Feedback
Sports
Athletes
MLB
NBA
NHL
NFL
Soccer
Sports Teams
WWE
NCAA
Football
Premier League
Basketball
Baseball
Hockey
Golf
Tennis
Cricket
Rugby
Auto Racing
Olympics
World Cup
Sports
Athletes
MLB
NBA
NHL
NFL
Soccer
Sports Teams
WWE
NCAA
Football
Premier League
Basketball
Baseball
Hockey
Golf
Tennis
Cricket
Rugby
Auto Racing
Olympics
World Cup
Random Quiz
Search Sporcle
×
Quiz Lab
Quiz Lab
Sports
Baseball
Type in answers that appear in a list
Type in answers that appear in a list
Classic
Best Score? Go Orange.
MLB (Preseason) Top 100 Fantasy Players Stats
Can you name the MLB (Preseason) Top 100 Fantasy Players for 2011?
By
cwright
12m
100 Questions
266 Plays
266 Plays
266 Plays
Comments
Comments
Give Quiz Kudos
Give Quiz Kudos
-
- Ratings
hide this ad
More Info
Replay
Link that replays current quiz
Next Quiz
Link to next quiz in quiz playlist
You Got
0%
They Got
Avg Score
62%
Avg Friend Score
Upgrade to see
Score Distribution
Jump to the score distribution portion of the page
Score
0/100
Timer
12:00
0
Plays Today
Rank
Player Name
% Correct
2
Albert Pujols
97%
20
Alex Rodriguez
93.6%
1
Hanley Ramirez
92.1%
93
Aramis Ramirez
91.7%
98
Francisco Rodriguez
91.7%
63
Alexei Ramirez
91.4%
8
Adrian Gonzalez
89.5%
10
Carlos Gonzalez
89.5%
34
Cliff Lee
89.1%
50
Derek Jeter
89.1%
16
Roy Halladay
88.7%
3
Miguel Cabrera
86.5%
13
Mark Teixeira
85.3%
19
Prince Fielder
85.3%
24
Ryan Howard
84.6%
4
Troy Tulowitzki
83.8%
5
Evan Longoria
82.7%
9
David Wright
81.6%
11
Robinson Cano
81.6%
32
Joe Mauer
81.6%
17
Chase Utley
80.5%
53
C.C. Sabathia
80.5%
54
Mariano Rivera
80.5%
6
Ryan Braun
80.1%
14
Josh Hamilton
79.3%
22
Jose Reyes
79.3%
12
Carl Crawford
78.2%
77
Chris Young
78.2%
7
Joey Votto
77.4%
27
Dustin Pedroia
77.1%
97
Delmon Young
77.1%
25
Kevin Youkilis
75.9%
38
Justin Morneau
75.6%
21
Tim Lincecum
74.8%
Rank
Player Name
% Correct
18
Felix Hernandez
74.1%
41
Jimmy Rollins
72.9%
70
Ichiro Suzuki
72.9%
30
Justin Upton
71.8%
40
Adrian Beltre
71.8%
46
Victor Martinez
71.4%
94
B.J. Upton
71.1%
69
Paul Konerko
69.9%
72
Cole Hamels
69.2%
23
Matt Holliday
68.4%
35
Adam Dunn
68.4%
31
Josh Johnson
68%
80
Carlos Santana
68%
91
Roy Oswalt
68%
45
Jose Bautista
67.7%
62
Jayson Werth
67.7%
15
Ryan Zimmerman
67.3%
28
Matt Kemp
67.3%
33
Dan Uggla
65.8%
51
Zack Greinke
62.4%
67
Joakim Soria
62.4%
58
Buster Posey
62%
61
Jon Lester
60.2%
68
Brian Wilson
58.3%
29
Nelson Cruz
57.1%
26
Adam Wainwright
56.8%
44
Jason Heyward
56.4%
66
Justin Verlander
55.6%
49
Brian McCann
54.9%
96
Jonathan Papelbon
54.5%
36
Ian Kinsler
53.8%
48
Brandon Phillips
53.8%
74
Jacoby Ellsbury
53.8%
95
Shane Victorino
53.8%
Rank
Player Name
% Correct
100
Andre Ethier
53.8%
81
Aaron Hill
51.1%
37
Clayton Kershaw
50.8%
82
Stephen Drew
50%
78
David Price
49.6%
42
Shin-Soo Choo
48.5%
47
Rickie Weeks
47.4%
57
Jay Bruce
47%
43
Hunter Pence
46.6%
52
Andrew McCutchen
45.5%
59
Ubaldo Jimenez
45.1%
86
Billy Butler
45.1%
85
Adam Lind
42.9%
39
Kendry Morales
42.5%
56
Elvis Andrus
42.1%
87
Jered Weaver
41.4%
99
Corey Hart
41.4%
64
Heath Bell
39.8%
65
Martin Prado
37.2%
55
Alex Rios
36.8%
90
Yovani Gallardo
35.3%
89
Ben Zobrist
34.6%
71
Francisco Liriano
33.8%
73
Neftali Feliz
33.8%
60
Mike Stanton
32.7%
76
Tommy Hanson
32.3%
84
Mat Latos
29.3%
88
Casey McGehee
27.4%
83
Colby Rasmus
26.7%
92
Geovany Soto
25.6%
75
Carlos Marmol
18.8%
79
Pedro Alvarez
18.4%
Quiz Playlist
Details
Report
Send in Message
Add To Playlist
More Info:
Rankings according to MLB.com.
Classic:
Type in answers that appear in a list
Quiz Source
Last Updated: Feb 16, 2017
Quiz Scoreboard
CHALLENGE
Sign Up to Join the Scoreboard
Show All
Scores
Hide
Comments
May contain spoilers
Recently Published
9x9 Crossword: Cartoon Network
by jackfrog10
Miscellaneous
3m
College Basketball Coaching Resumes
by pancakes188
Sports
9m
Billboard Blitz: Fleetwood Mac
by CooCooCachoo
Music
15s
More to Explore
Quiz From the Vault
Featured Blog Post
Where Did the Easter Bunny Come From?
hide this ad
You Might Also Like...
Tags
Baseball Quiz
MLB Quiz
Today's Top Quizzes in Sports
Browse Sports
hide this ad
Today's Top Quizzes in Baseball
Browse Baseball
Top Contributed Quizzes in Sports
1
2022 World Cup Stars
2
Les meilleurs buteurs des matchs entre le PSG et l’OM
3
FIFA Club World Cup Champions
4
Les entraîneurs de l'OM et du PSG au 21e siècle
5
Criteria MLB: Left Handed Sluggers
6
AFC Teams Reveal (Wrong Answers Minefield)
7
2023 MLB Unique Player Accomplishments
8
5-to-1: FBS Animal Nicknames
9
Players with Multiple 50 Home Run Seasons
10
5-to-1: UK Sports Teams
Explore More
Trending Topics
Disney
Harry Potter
Kpop
NBA
Anime
Crossword
Marvel
WWE
Country
Pokémon
Puzzle
NFL
Soccer
The Office
Song
hide this ad
More By:
cwright
Quiz
Plays
Rating
Category
Featured
Created
MLB Name One Player Who...
314,115
4.44
Sports
Oct 9, 2010
MLB Batting Leaders (2010)
126,932
4.54
Sports
Oct 4, 2010
MLB Active Career Hits Leader By Season
53,282
4.73
Sports
Mar 20, 2011
MLB All-Time Leaders: Catchers
52,408
4.49
Sports
Feb 11, 2011
MLB 2000s Top Ten By Position
15,883
4.54
Sports
Sep 18, 2010
Go to Creator's Profile
Score Distribution
Quiz Creator Spotlight
cwright
Follow
Send a Message
Quizzes Created
-
Created Quiz Play Count
-
More By This Creator
Popular Quizzes Today
1
Find the US States - No Outlines Minefield
2
Find the Countries of Europe - No Outlines Minefield
3
The Countries of the World
4
Find the US States
5
Risky Map Clicking: Biggest States A-Z
6
US States
7
Popular People in 1961
8
Movies - When Are They Set?
More Sports Quizzes
NFL Draft Blitz: Most #1 Picks
Published
Trending Quizzes
Risky Map Clicking: Least Populous States A-Z
1-10 Letter G Words
1-10 Letter F Words
Risky Map Clicking: Next State Alphabetically
Adjectives in 80s TV Shows
Recently Updated
Leaping Animals
pecheneg
Reality TV Shows (A-Z)
bhenderson79
Rickey Henderson's Hall of Fame Teammates
pecheneg
Champions League XIs: Arsenal
pecheneg
Quick Pick: Celebrities in WWE's Hall of Fame
aduchscher
A-Z Keypad Blitz II
pecheneg
Multiple Oscar Actors
pecheneg
Mystery Phrase Blitz: Oscar 'Best Actors'
pecheneg
F. Scott Fitzgerald Novels
LTH
Pick 3 Villains
ddd62291
Trending Topics
Anime
Kpop
Marvel
Harry Potter
Disney
NBA
Crossword
Soccer
WWE
The Office
Song
NFL
Pokémon
Puzzle
Country
Your Account Isn't Verified!
In order to create a playlist on Sporcle, you need to verify the email address you used during registration. Go to your
Sporcle Settings
to finish the process.
Report this User
Report this user for behavior that violates our
Community Guidelines
.
Details:
Send Report
Go to the Sporcle.com Mobile Site →
Comments